Mazhar Mallouhi : (Registro nro. 57225)
[ vista simple ]
| 000 -LÍDER | |
|---|---|
| Campo fijo de descripción fija | 01329aab a2200241 i 4500 |
| 001 - NÚMERO DE CONTROL | |
| Campo de control | 768714001 |
| 003 - IDENTIFICADOR DEL NÚMERO DE CONTROL | |
| Campo de control | CO-MdFUSB |
| 005 - FECHA Y HORA DE LA ULTIMA TRANSACCIÓN | |
| control field | 20240809121015.0 |
| 008 - ELEMENTOS DE LONGITUD FIJA -- INFORMACIÓN GENERAL | |
| Campo fijo de descripción fija -- Información general | 240809t2003 -us||||| |||| 00| 0 eng d |
| 040 ## - FUENTE DE CATALOGACIÓN | |
| Idioma de catalogación | spa |
| Agencia que realiza la transcripción | CO-MdFUSB |
| 041 ## - CÓDIGO DE IDIOMA | |
| Código de idioma para texto/pista de sonido o título separado | eng |
| 100 1# - ASIENTO PRINCIPAL--NOMBRE PERSONAL | |
| Nombre personal | Chandler, Paul Gordon |
| Término relacionador | autor |
| 245 10 - TÍTULO | |
| Título | Mazhar Mallouhi : |
| Subtitulo | Gandhi's living christian legacy in the muslim world |
| Mención de responsabilidad | / Paul Gordon Chandler |
| 520 ## - NOTA DE RESUMEN, ETC. | |
| Nota de sumario, etc. | Así como Mahatma Gandhi permitió a los indios visualizar a Cristo caminando por sus caminos, Mazhar Mallouhi está contribuyendo a que Cristo regrese a sus orígenes culturales, caminando con naturalidad por los caminos de Oriente Medio. Su visión de ganar un hogar para la Palabra de Dios en el corazón del mundo musulmán está ayudando a miles de musulmanes a comprender el Evangelio y permitiendo a muchos encontrar una reconciliación verdadera y duradera en el Príncipe de Paz de Oriente Medio. |
| 546 ## - NOTA DE IDIOMA | |
| Nota de idioma | Texto en inglés. |
| 650 #0 - ASIENTO SECUNDARIO DE MATERIA - TERMINO TEMÁTICO | |
| Término temático o nombre geográfico como elemento de entrada | Cristianismo y otras religiones |
| Subdivisión general | Islamismo. |
| 9 (RLIN) | 5345 |
| 650 #0 - ASIENTO SECUNDARIO DE MATERIA - TERMINO TEMÁTICO | |
| Término temático o nombre geográfico como elemento de entrada | Evangelización |
| 9 (RLIN) | 362 |
| 650 #0 - ASIENTO SECUNDARIO DE MATERIA - TERMINO TEMÁTICO | |
| Término temático o nombre geográfico como elemento de entrada | Misiones |
| 9 (RLIN) | 154 |
| 650 #7 - ASIENTO SECUNDARIO DE MATERIA - TERMINO TEMÁTICO | |
| Término temático o nombre geográfico como elemento de entrada | Antropología cultural y social |
| 9 (RLIN) | 6714 |
| 773 0# - ASIENTO DE ITEM FUENTE | |
| Título | International Bulletin |
| Biblionumber | 49483 |
| Itemnumber | 60993 |
| Parte(s) relacionada(s) / Volumen., número. (mes año), páginas | Volumen 27, (número 2, 2003), páginas: 54 - 59 |
| Enumeración y primera página | página: 54 |
| 942 ## - TIPO DE MATERIAL (KOHA) | |
| Tipo de Item KOHA | Artículos de Revista |
| 945 ## - INFORMACIÓN LOCAL DEL REGISTRO | |
| Catalogador | Catherine Arias Álvarez - Practicante SENA |
No hay ítems disponibles.
